A precíziós termesztés irányítási rendszere
Elmentve itt :
| Szerző: | |
|---|---|
| További közreműködők: | |
| Dokumentumtípus: | Szakdolgozat |
| Megjelent: |
2004
|
| Kulcsszavak: | Precíziós termesztés GPS Global Positoring System |
| Tárgyszavak: | |
| Online Access: | http://diploma.bibl.u-szeged.hu/101402 |
| LEADER | 00750nta a2200229 i 4500 | ||
|---|---|---|---|
| 001 | dipl101402 | ||
| 005 | 20211126085714.0 | ||
| 008 | 211110s2004 hu om 0|| hun d | ||
| 040 | |a SZTE Diploma Repozitórium |b hun | ||
| 041 | |a hun | ||
| 100 | 1 | |a Jancsovics Gábor | |
| 245 | 1 | 2 | |a A precíziós termesztés irányítási rendszere |h [elektronikus dokumentum] / |c Gábor Jancsovics |
| 260 | |c 2004 | ||
| 300 | |a 32 | ||
| 650 | 4 | |a Agrár | |
| 650 | 4 | |a Agricultural sciences | |
| 650 | 4 | |a Agriculture, forestry and fisheries | |
| 695 | |a Precíziós termesztés | ||
| 695 | |a GPS | ||
| 695 | |a Global Positoring System | ||
| 700 | 1 | |a Fodor Dezső |e ths | |
| 856 | 4 | 0 | |u http://diploma.bibl.u-szeged.hu/id/eprint/101402/1/2004_jancsovics_gabor.pdf |z Dokumentum-elérés |